Il formalismo negoziale nell'esperienza romana: lezioni
Saved in:
| Hovedforfatter: | |
|---|---|
| Format: | Bog |
| Sprog: | italiensk |
| Udgivet: |
Turín
G. Giappichelli
1994
|
| Fag: | |
| Tags: |
Tilføj Tag
Ingen Tags, Vær først til at tagge denne postø!
|
MARC
| LEADER | 00000nam a2200000 a 4500 | ||
|---|---|---|---|
| 001 | UCO0621 | ||
| 003 | CL-VaPUC | ||
| 008 | 000420e19940000IT |||||||||||||||||ita|d | ||
| 082 | 0 | 4 | |a 340.54 |b COR |2 21 |
| 100 | |a Corbino, Alessandro |e autore |9 441968 | ||
| 245 | 1 | 3 | |a Il formalismo negoziale nell'esperienza romana: lezioni |
| 300 | |a 112 p | ||
| 942 | |c BK | ||
| 945 | |d 20000420 00:00:00 |a vberengu | ||
| 260 | |a Turín |b G. Giappichelli |c 1994 | ||
| 650 | 0 | |a Derecho romano |9 255930 | |
| 650 | 0 | |a Derecho Romano Historia |9 257631 | |
| 650 | 7 | |a FORMALISMO |2 CL-VaPUC |9 337281 | |
| 583 | |a last modification |c 20000420 00:00:00 |k Rodrigo Vera | ||
| 999 | |c 287270 |d 287268 | ||
| 952 | |0 0 |1 0 |4 0 |6 340_540000000000000_COR_1994 |7 0 |8 DER_ROM |9 333996 |a BIBDER |b BIBDER |d 2019-11-20 |i 3591883 |l 9 |o 340.54 COR 1994 |p 3591883 |r 2024-03-22 |s 2024-03-22 |w 2019-11-20 |x Ubicación 4to piso |y BK |z Este recurso debe solicitarse con anticipación |k DER | ||